| 000 | 01064cam a2200217 4500 | ||
|---|---|---|---|
| 001 | WB3801-52 | ||
| 008 | 011219n2001 000 0 eng u | ||
| 035 | _a(Sirsi) u116075 | ||
| 245 | _aStandard for home surveys | ||
| 260 | _c2001 | ||
| 490 |
_aEstates Gazette _v 15 December 2001, 26 |
||
| 520 | _aPeter McKendrick, former RICS President, has lent support to an accreditation system organised by a group of independent surveyors. The Habitus professional standards board tests surveyors' ability to conduct a thorough survey, rather than a valuation or homebuyer report. This independent accreditation system is designed to create a nationwide network of residential experts. Habitus has received an encouraging number of applications, and expects numbers to increase in the next five years. | ||
| 590 | _aWB | ||
| 650 | _aACCREDITATION SYSTEMS | ||
| 650 | _aINDEPENDENT SURVEYORS | ||
| 650 | _aPROFESSIONAL STANDARDS | ||
| 650 | _aVALUATION REPORTS | ||
| 650 | _aRICS HOMEBUYER SURVEY AND VALUATION | ||
| 690 | _aSURVEYING SERVICES | ||
| 942 | _n0 | ||
| 999 |
_c69146 _d69146 |
||